000
00283nam a22001217a 4500
005
20160429143045.0
008
160429b xxu||||| |||| 00| 0 eng d
041
_a
eng
082
_b
00910
245
_a
Quantitive technique for Decision Making
650
_a
Management
_9
241
942
_c
BK
999
_c
294
_d
294